000 00581nam a2200217Ia 4500
001 8093
003 GE_BSU
008 181216s||||||||xx |||||||||||||| ||und||
040 _cGE_BSU
080 _a66(075.32)
100 _aКузнецов,Н.С.
245 _aОбщая химическая технология.
245 _bУчебник.
245 _cРед.Л.С.Саде.
260 _aМ.
260 _bВысшая школа.
260 _c1965.
300 _a272стр.20см.
653 _aОбщая химическая технология.
942 _cBK
999 _c41431
_d41431